Score 0/11 Timer 03:00
0 Plays Today
Jumble Answer % Correct
MAPCCamp
97.8%
ESCACase
95.8%
CEFIFOOffice
76.2%
STHOGGhost
74.6%
EYSSYDOOdyssey
67.1%
REYHPHyper
57%
NENIRInner
56.3%
REUOTOuter
56.2%
TESDACCadets
47.8%
ERSVADINInvaders
47.2%
Name in common with all the aboveSpace
47.1%
Remove Ads.
Support Sporcle.
Get the best of Sporcle when you Go Orange. This ad-free experience offers more features, more stats, and more fun while also helping to support Sporcle. Thank you for becoming a member.

You're not logged in!

Compare scores with friends on all Sporcle quizzes.
OR
Log In

Show Comments

Extras

Top Quizzes Today


Score Distribution

Your Account Isn't Verified!

In order to create a playlist on Sporcle, you need to verify the email address you used during registration. Go to your Sporcle Settings to finish the process.

Report this User

Report this user for behavior that violates our Community Guidelines.

Details: